000 00606nam a22001937a 4500
999 _c172256
_d172256
005 20200130143419.0
010 _aENG-127576
020 _a9789388927451
_c250.00
035 _aEN-111108
037 _bDBAD/PUB
082 _a820.4
100 _aSarvaiya, Priyaba
245 _aReprestation of Subaltern in Ramayana and Mahabharata /
_cby Priyaba Saraiya
260 _aAhmedabad
_bVedant Publication
_c2019
270 _bAhmedabad
_aRajkot, Ahmedabad, Surat
_e360001
300 _a160p.
_b20cm(pbk)
500 _ainclude bibliographical references
942 _2ddc
_cEN
_h820.4
_mSAR